000 00962nas a2200301 4500
001 BR8601731
003 BR-BrBNA
005 20231205090421.0
007 ta
008 230509b bl.|||p| |||| 00| 00por d
040 _aBR-BrBNA
_bpor
_cBiblioteca Nacional de Agricultura
041 _a(Pt)
072 _aL73
100 1 _aNader Filho, A.
100 1 _aSchocken-Iturrino, P.
100 1 _aRossi Junior, O.D.
100 1 _aCembranelli, E.M.
245 1 _aPrevalencia e etiologia da mastite bovina na regiao de Ribeirao Preto, Sao Paulo
246 1 _aPrevalence and etiology of bovine mastitis in the region of Ribeirao Preto, Sao Paulo
650 _aBOVINO
650 _aMAMITE
650 _aETIOLOGIA
650 _aRIBEIRAO PRETO
650 _aSAO PAULO
773 0 _tPesquisa Veterinaria Brasileira (Brazil)
_xISSN 0100-736X
_g(Apr-Jun 1985), v. 5(2) p. 53-56
_wBR8601731
909 _a202311
_bLúcia
_c55
_dLúcia Elande
942 _2AGRIS
_n0
_cANA
999 _c118272
_d118272